| 000 | 00638nam a2200229Ia 4500 | ||
|---|---|---|---|
| 008 | 160803s9999 xx 000 0 und d | ||
| 020 | _a9780439683470 | ||
| 100 | _aShannon, David | ||
| 245 | 4 | _aThe amazing Christmas extravaganza / | |
| 245 | _cDavid Shannon. | ||
| 260 | _aNew York : | ||
| 260 | _bScholastic Inc. | ||
| 260 | _c1995 | ||
| 300 | _a1 volume (unpaged) : | ||
| 300 | _bcolor illustrations ; | ||
| 300 | _c26 cm. | ||
| 500 | _aOriginally published: New York : Blue Sky Press, ©1995. | ||
| 650 | _aChristmas decorations -- | ||
| 650 | _aChristmas stories. | ||
| 650 | _xJuvenile fiction. | ||
| 700 | _a510 | ||
| 999 |
_c298152 _d298152 |
||